ბათუმის შოთა რუსთაველის სახელმწიფო უნივერსიტეტის ბიბლიოთეკა

სამედიცინო ფსიქოლოგიის საფუძვლები / (ბიბ.ჩანაწერი № 34857)

000 -ლიდერი
ფიქსირებული სიგრძის საკონტროლო ველი 01028nam a2200241Ia 4500
001 - საკონტროლო ნომერი
საკონტროლო ველი 675
003 - საკონტროლო ნომრის იდენტიფიკატორი
საკონტროლო ველი GE_BSU
005 - ბოლო ოპერაციის თარიღი და დრო
საკონტროლო ველი 20221125103743.0
008 - ფიქსირებული სიგრძის მონაცემთა ელემენტები - ზოგადი ინფორმაცია
ფიქსირებული სიგრძის საკონტროლო ველი 181216s2009||||ge |||||||||||||| ||geo||
040 ## - კატალოგიზაციის წყარო
Transcribing agency GE_BSU
041 ## - ენის კოდი
Language code of text/sound track or separate title geo
080 ## - უნივერსალური ათობითი კლასიფიკაციის ინდექსი
Universal Decimal Classification number 61+159.9 ნ-24
100 ## - მთავარი ჩანაწერი - პიროვნების სახელი
Personal name ნანეიშვილი, გიორგი
9 (RLIN) 16081
245 ## - ცნობა სათაურის შესახებ
Title სამედიცინო ფსიქოლოგიის საფუძვლები /
Statement of responsibility, etc გიორგი ნანეიშვილი, ნინო ოკრიბელაშვილი; რედაქტორი: ს. სხულუხია.
264 ## - წარმოების, გამოცემის, დისტრიბუციის და სხვა ცნობები
გამოცემის, წარმოების, დისტრიბუციის... ადგილი თბილისი,
გამოცემის, წარმოების, დისტრიბუციის... თარიღი 2009.
300 ## - ფიზიკური აღწერა
Extent 150 გვ.
653 ## - INDEX TERM--UNCONTROLLED
Uncontrolled term სამედიცინო ფსიქოლოგია
653 ## - INDEX TERM--UNCONTROLLED
Uncontrolled term ფსიქოლოგია
700 ## - ADDED ENTRY--PERSONAL NAME
Personal name ოკრიბელაშვილი, ნინო
Relator term ავტორი
9 (RLIN) 16082
700 ## - ADDED ENTRY--PERSONAL NAME
Personal name სხულუხია, ს.
Relator term რედაქტორი
9 (RLIN) 16083
942 ## - ADDED ENTRY ELEMENTS (KOHA)
Koha item type წიგნი
Source of classification or shelving scheme
ეგზემპლარები
ჩამოწერის სტატუსი დაკარგული ეგზემპლარის სტატუსი კლასიფიკაციის წყარო ან თაროზე გაწყობის სქემა დაზიანების სტატუსი არ გაიცემა მუდმივი მდებარეობა (დაცვის ადგილი) ამჟამინდელი ადგილსამყოფელი თაროზე განთავსების ადგილი შეძენის თარიღი ღირებულება, შესყიდვის ნორმალური ფასი სრული შენახვის შიფრი შტრიხკოდი ბოლო ოპერაციის თარიღი ეგზემპლარის მიმდევრობითი ნომერი (კეტერი?) ფასის ძალაში შესვლის თარიღი ეგზემპლარის სახეობა საჯარო შენიშვნა
          ბათუმის შოთა რუსთაველის სახელმწიფო უნივერსიტეტის მთავარი ბიბლიოთეკა ბათუმის შოთა რუსთაველის სახელმწიფო უნივერსიტეტის მთავარი ბიბლიოთეკა წიგნსაცავი 2018-12-17 6.00 61+159.9 ნ-24 1335 2018-12-17 1335 2018-12-17 წიგნი 6 ლ.
          ბათუმის შოთა რუსთაველის სახელმწიფო უნივერსიტეტის მთავარი ბიბლიოთეკა ბათუმის შოთა რუსთაველის სახელმწიფო უნივერსიტეტის მთავარი ბიბლიოთეკა წიგნსაცავი 2018-12-17 6.00 61+159.9 ნ-24 1336 2018-12-17 1336 2018-12-17 წიგნი 6 ლ.